Statistics for Most Popular Yelawolf Songs

Click here to take the quiz!

General Stats

  • This quiz has been taken 7 times
  • The average score is 5 of 10

Answer Stats

Song% Correct
Best Friend
86%
Till It's Gone
86%
Daddy's Lambo
57%
Pop the Trunk
57%
American You
43%
Daylight
43%
You and Me
43%
Let's Roll
29%
Row Your Boat
29%
I Just Wanna Party
0%

Score Distribution

Percentile by Number Answered

Percent of People with Each Score

Your Score History

You have not taken this quiz